000 00853nam a22002177a 4500
005 20110929114858.0
010 _aG-001631
020 _c595.00
_a9788183390804
035 1 d _aG-001631
037 _bGift
082 _a954.11
100 _aGanpat
_935046
245 E _aMagic Ladakh:
_cby Ganpat [and] M.L.A. Gompertz
_ban intimate picture of a land of tosy-turvy customas & great natural beauty /
260 _aShrnagar
_bGulshan Books
_c2009
270 _aResidency Road,
_bSrinagar
_e190001
300 _a188p.
_c24cm(Hb)
_bb&w photos
700 _aGompertz, M.L.A.
_935047
942 _2ddc
_cEN
_h954.11
_mGAN
999 _c57164
_d57164